000
00211 a2200097 4500
001
47662
100
_a
Milean R
245
_a
Modern book design
260
_a
London
_b
British council
_c
090
_c
30671
_d
30671
942
_a
NUST-CAE
_c
M
_c
22971
999
_c
282735
_d
282735